[Event "ESP-chT"]
[Site "Sanxenxo"]
[Date "2004.11.26"]
[Round "9"]
[White "Giorgadze, Giorgi"]
[Black "Narciso Dublan, Marc"]
[Result "1/2-1/2"]
[WhiteElo "2612"]
[BlackElo "2487"]
[Annotator "Roiz,M"]
[PlyCount "92"]
[EventDate "2004.11.18"]
[EventType "team"]
[EventRounds "9"]
[EventCountry "ESP"]
[SourceTitle "CBM 105"]
[Source "ChessBase"]
[SourceDate "2005.04.11"]
[SourceVersion "1"]
[SourceVersionDate "2005.04.11"]
[SourceQuality "1"]

1. d4 e6 2. c4 f5 3. g3 Nf6 4. Bg2 c6 5. Nf3 d5 6. O-O Bd6 7. b3 Qe7 8. Bb2 O-O
9. Qc1 b6 {That way of development is the most common in that type of
positions.} ({However,the classical plan of} 9... Bd7 10. Ba3 Be8 {is also
very solid and the practice shows, that black's results here are not bad at
all.} 11. h3) ({Another possibility is:} 9... b5 {in order to meet 10.Ba3 with
b4.}) 10. Ba3 Bb7 11. Bxd6 Qxd6 {[%cal Gb8d7,Gc6c5] So, white has realized his
idea. On the other hand, black is ready for a freeing continuation c6-c5.} 12.
Qb2 {That continuation looks like the most principal way to fight for the
opening advantage. White takes control of ''e5'' spot and connects the rooks.}
({The endgame doesn't promise white any advantage:} 12. Qa3 Qxa3 ({interesting
is also} 12... c5 $5 13. dxc5 bxc5 14. Nc3 Nbd7 15. Rfd1 f4 16. Rac1 a6 17. Bh3
Rae8 $132 {0-1 Olafsson,H-Agdestein,S/Reykjavik 1987/CBM 02 (25)}) 13. Nxa3
Nbd7 14. Rfd1 a5 15. Rac1 Rac8 16. e3 Kf7 17. Ne1 {1/2-1/2 Sosonko,G-Tal,M/
Wijk aan Zee 1988/CBM 05 (17)}) 12... Nbd7 13. Nbd2 c5 $146 {A thematical
freeing continuation. Black should make it before white could seize a space on
the qside by b3-b4 and c4-c5.} (13... Ne4 14. e3 (14. b4 $14) 14... Rae8 15.
Rfd1 Re7 16. Rac1 g6 17. b4 $14 {1/2-1/2 Kryschilovskij,A-Fazulyanov,S/St
Petersburg 2001/EXT 2002 (35)}) 14. Rfd1 Rac8 15. cxd5 {White could hardly
profit from keeping the pressure for a long time anyway.} (15. Rac1 Qe7 $11)
15... exd5 $6 {Now white gets a stable classical advantage, as his pawn
structure is better.} ({There was nothing wrong with} 15... Bxd5 16. Nc4 ({
after} 16. Rac1 Qe7 17. dxc5 Nxc5 $11 {black has nothing to worry about}) 16...
Bxc4 17. bxc4 cxd4 18. Nxd4 Qe5 $11 {and the power of Bg2 compensates some
weakness of Pc4,but not more than that.}) 16. Ne5 Rc7 ({White's chances are
also preferable after} 16... Rfe8 17. Ndf3 Ne4 18. Nxd7 Qxd7 19. Rac1 $14 {
due to control of the dark-squares.}) 17. Nxd7 Rxd7 18. e3 $14 {So, white has
a pleasant edge and may just put pressure on black's central pawns.} g5 $6 {
Black doesn't want to stay passively and tries to get some counterplay on the
k-side. But the position is not closed, so such a weakening moves usually only
add troubles.} ({Better was:} 18... Rc8 19. Rac1 Qe7 $14 {and black has a bit
passive,but solid position.}) 19. dxc5 {Ofcourse, now it's the right time to
open the long diagonal.} bxc5 20. Nc4 {White should play energetically in
order to prove, that black's previous move was dubious.} (20. Rac1 $143 f4 21.
exf4 gxf4 22. Nc4 Qe7 23. Ne5 Rc7 $14) 20... Qc7 ({Maybe,better was:} 20... Qe7
$5 {although after} 21. Ne5 Rc7 22. Rac1 {g7-g5 is an obvious drawback of
black's position.}) 21. Ne5 Rg7 ({Badly was also:} 21... Re7 22. Nd3 Ne4 23.
Rac1 $16 {[%csl Rc5,Rd5,Rg8] and i don't see how black can hold on.}) 22. Rac1
f4 {Black is trying to make the position more complicated.} 23. Nd3 {That
leads to an endgame.} ({The reasonable alternative was:} 23. exf4 $5 gxf4 24.
Nd3 fxg3 25. fxg3 Ne4 (25... c4 26. bxc4 dxc4 27. Bxb7 Qxb7 28. Qxb7 Rxb7 29.
Rxc4 $16) 26. Bxe4 $1 dxe4 27. Nxc5 e3 (27... Qb6 28. Qe5 $16 {[%cal Ge5e6]})
28. Nxb7 Qxb7 29. Qe5 $16 {with a heavy extra pawn for white, while the Kg8 is
weak. It looks like white has an excellent winning chances here.}) 23... fxe3
24. Nxc5 $1 {A good practical decision-white gets a serious advantage in the
endgame.} ({Less clear was:} 24. fxe3 Qe7 25. Re1 c4 (25... Ne4 26. Bxe4 dxe4
27. Nxc5 $16) 26. bxc4 dxc4 27. Rxc4 Bxg2 28. Qxg2 Rgf7 $16) 24... exf2+ 25.
Qxf2 Qb6 ({The attempt to centralize the queen fails to} 25... Qe5 26. Rf1 $1
Rgf7 (26... Bc8 27. Nd3 Qe6 28. Rce1 $16) 27. Nxb7 Rxb7 28. Rce1 $16 {with a
huge advantage of white.}) 26. Nxb7 {White has to simplify the position, since
he cannot make progress with such a compromised king.} Qxf2+ 27. Kxf2 Rxb7 28.
Kg1 $2 {A strange move-it's clear, that white couldn't win the game without
help of his monarch.} ({The right way was:} 28. Ke3 $1 Re7+ 29. Kd3 Rfe8 30.
Rd2 Kf7 31. Kd4 $16 {[%csl Gd4,Rd5] and black's position is very hard.}) 28...
Rd7 {A necessary passivity.} 29. Rd4 {The rook is placed ideally on d4-it
blocks the pawn and can be easily delivered to the q-side, attacking the Pa7.}
Re8 {That open file has no special importance, as white can easily prevent a
penetration of Re8.} 30. Bf3 Re6 31. Kf2 Kg7 32. Rc2 $6 {Mistakes are rarely
come alone! White chooses a wrong plan of swapping the rooks, as the Rc2 is
more active that Re6.} ({White should try to advance his qside pawns:} 32. Rc5
$142 h5 33. h3 Kg6 34. b4 $14) 32... Kg6 33. Re2 $6 ({As i mentioned before,} 
33. Rc5 {was better.}) 33... Rxe2+ 34. Kxe2 Kf5 {That is the point! The
exchange allowed black to activate the king, so the Pd5 becomes powerful!} 35.
Rd2 {White has to play accurately!} ({Optimistic woould be:} 35. b4 Ke5 36. Rd3
Rc7 $15 {and black is already better.}) 35... g4 36. Bg2 Ne4 37. Rd4 Ke5 38.
Ke3 Nf6 39. Ra4 Rc7 40. Kd2 Rg7 {Intending to attack white's pawns by
Rg7-g6-h6. White should prevent that-otherwise black's activity may become
very dangerous.} 41. Ke3 Rc7 42. Kd2 h5 {So,black is playing for a win! Anyway,
white's position is solid enough.} 43. Kd3 Rh7 44. Ke3 Rc7 ({The draw is also
unavoidable after} 44... h4 45. gxh4 Rxh4 46. h3 Ne4 47. hxg4 Rxg4 48. Bxe4
Rxe4+ 49. Rxe4+ dxe4 50. b4 Kd5 51. b5 $11) 45. Kd3 Rh7 46. Ke3 Rc7 1/2-1/2

[Event "Cannes Generations"]
[Site "Cannes"]
[Date "1998.??.??"]
[Round "3"]
[White "Gligoric, Svetozar"]
[Black "Ponomariov, Ruslan"]
[Result "0-1"]
[WhiteElo "2480"]
[BlackElo "2580"]
[Annotator "Tyomkin,D"]
[PlyCount "50"]
[EventDate "1998.02.21"]
[EventType "schev"]
[EventRounds "8"]
[EventCountry "FRA"]
[SourceTitle "CBM 065"]
[Source "ChessBase"]
[SourceDate "1998.08.06"]
[SourceVersion "1"]
[SourceVersionDate "1998.08.06"]
[SourceQuality "1"]

{[%mdl 132]} 1. d4 f5 2. g3 Nf6 3. Bg2 e6 4. c4 c6 5. Nf3 d5 6. O-O Bd6 7. b3
Qe7 8. Bb2 b6 9. Nc3 $6 {In my opinion N is better on-d2} (9. Qc2 $142 Bb7 10.
Ne5 O-O 11. cxd5 (11. Nd2 a5 12. Ndf3 Na6 13. Rac1 Rac8 14. Qb1 Ne4 15. Nd3 Nb4
16. Rfd1 {1/2-1/2 Hebden,M-Relange,E/Hastings Premier 9798 1997}) 11... cxd5
12. Rc1 Ng4 13. Nxg4 fxg4 14. e4 dxe4 15. Bxe4 Bxe4 16. Qxe4 Nd7 17. Qxg4 $16 {
Van Wely,L-Kveinys,A/Erevan olm 1996/1-0(44)}) 9... Nbd7 $146 (9... O-O 10. Ne5
(10. Rc1 Bb7 11. e3 Nbd7 12. Qe2 a5 13. Rfd1 Ne4 14. Nd2 Nxc3 15. Bxc3 a4 16.
Qd3 b5 17. c5 {1/2-1/2 Gruenberg,H-Haba,P/CSR-ch int 1989}) 10... Bb7 11. a4 (
11. e3 Nbd7 12. Ne2 $2 Bxe5 13. dxe5 Ng4 14. Qc1 Ngxe5 15. Ba3 c5 16. Rd1 Nf6
17. Bb2 Nf7 18. Nf4 g5 19. Ne2 Rad8 $17 {Roobol,M-Reinderman,D/NLD-ch stud
Leeuwarden 1996/0-1(28)}) (11. Nd3 Nbd7 12. Re1 Rac8 13. e3 Ba6 14. cxd5 exd5
15. Rc1 Ne4 16. Ne2 Qg5 17. Nef4 Rfe8 18. f3 Nef6 19. Qd2 h5 $15 {Costa,
J-Klinger,J/Bern 1991/0-1(39)}) 11... a5 12. e3 Na6 13. cxd5 exd5 14. Ne2 Nb4
15. Nd3 Ba6 16. Nxb4 Bxb4 17. Qc2 Ne4 18. Rfd1 Rac8 $11 {Gruen,P-King,D/BL2-W
1988/0-1(35)}) 10. Qc2 Ba6 11. Rfc1 Rc8 (11... dxc4 12. Nd2 cxb3 13. axb3 Bb7
14. Nb5 $1 $16) 12. cxd5 cxd5 13. Qd1 O-O 14. a4 Ne4 15. Nb5 Rxc1 16. Rxc1 Bxb5
17. axb5 f4 $5 {[%cal Gg7g5] with initiative on >>} 18. e3 $2 (18. g4 $142 h5
$1 (18... g5 19. Ne1 $14 {[%cal Ge1d3]}) 19. gxh5 Ndf6 {[%cal Gf6g4]} 20. Nd2 (
20. Nh4 $140 $2 Nxh5 21. Ng6 Qg5 22. Nxf8 f3 $19) (20. Ne5 Bxe5 21. dxe5 Ng4
22. Bd4 Qg5 (22... Qh4 23. h3 Ngxf2 24. Qf1 $18) 23. f3 Ne3 24. Bxe3 fxe3 25.
Qc2 Nf2 {[%cal Gf2h3]} 26. Qg6 Nh3+ 27. Kf1 Qxg6 28. hxg6 Nf4 29. Rc6 Re8 30.
h4 d4 $132) 20... Nxd2 21. Qxd2 Nxh5 22. Bf3 Qg5+ 23. Kh1 Nf6 24. Rc6 Rd8 25.
Qc2 $132 (25. Qc1 Ne4 26. Bxe4 dxe4 27. Rc8 (27. Qc4 Qd5 $17) 27... Rf8 28.
Rxf8+ Bxf8 $17)) 18... fxe3 $17 19. fxe3 Qf6 {[%csl Re3][%cal Gf6h6]} 20. Qe2
Qh6 21. Rc2 (21. Rf1 Bxg3 22. hxg3 Nxg3 $17) 21... Ndf6 {[%csl Re3,Rh2][%cal
Gf6g4]} 22. Bc1 (22. Ne5 Bxe5 23. dxe5 Ng4 24. Bxe4 Rf2 25. Qxf2 Nxf2 26. Rc8+
Kf7 27. Rc7+ Ke8 $17) 22... Ng4 23. h3 (23. Qd3 Ng5 24. Qd1 Nxf3+ 25. Bxf3 Nxe3
26. Qe2 {[%tqu "En","","","","e3c2","",10]} Nxc2 $1 27. Bxh6 Nxd4 28. Qe3 {
[%tqu "En","","","","f8f3","",10]} Rxf3 $1 29. Qg5 {[%tqu "En","","","","f3g3",
"",10]} Rxg3+ $1) 23... Ngf2 24. Qf1 Bxg3 25. Ba3 Qxe3 0-1

[Event "Vienna op 13th"]
[Site "Vienna"]
[Date "1998.10.31"]
[Round "7"]
[White "Golod, Vitali"]
[Black "Ulybin, Mikhail"]
[Result "1/2-1/2"]
[WhiteElo "2555"]
[BlackElo "2555"]
[Annotator "Golod,V"]
[PlyCount "87"]
[EventDate "1998.10.25"]
[EventType "swiss"]
[EventRounds "9"]
[EventCountry "AUT"]
[SourceTitle "CBM 068"]
[Source "ChessBase"]
[SourceDate "1999.02.01"]
[SourceVersion "1"]
[SourceVersionDate "1999.02.01"]
[SourceQuality "1"]

1. d4 e6 2. c4 f5 3. g3 Nf6 4. Bg2 c6 5. Nd2 {[%cal Ge2e4]} d5 6. Qc2 $5 {
(/\Nh3,Nf3,Bf4)} Bd6 7. Nh3 O-O 8. Nf3 $5 ({Worse is:} 8. O-O {because of:} Nh5
$5 (8... b6 $5) 9. Nf3 Nd7 10. Nf4 Nxf4 11. Bxf4 Bxf4 12. gxf4 Nf6 13. e3 Bd7
14. Kh1 Be8 15. Ne5 Ng4 16. Bf3 Nxe5 17. dxe5 Qh4 18. Qe2 {1/2-1/2
Brenninkmeijer,J-Winants,L/Lyon 1990/CBM 18 (18)}) 8... Ne4 $5 ({Dubious:} 8...
Bd7 9. O-O Ne4 $5 (9... Be8 $5 10. Bf4 h6 11. Bxd6 Qxd6 12. Nf4 Nbd7 13. Nd3
dxc4 14. Qxc4 Bh5 15. b4 Ne4 16. Rfd1 Nb6 17. Qb3 $14 {1-0 Kasparov,G-Nikolic,
P/New York 1994/EXP 41 (71)}) 10. Ne5 Be8 11. Nd3 Nd7 12. f3 Nef6 13. Bf4 $14 {
1-0 Efimov,I-Kovacevic,B/Formia 1995/EXT 95op (26)}) 9. O-O b6 $5 (9... Nd7 $6
10. Nf4 {/\Nd3,Bf4(><e5)} Qe7 11. Nd3 b6 12. b4 Ba6 13. c5 Bc7 14. a4 Bc4 15.
Nb2 $14 {1-0 Lautier,J-Schmittdiel,E/Berlin 1997/EXP 59 (24)}) 10. Bf4 ({
Slightly worse is:} 10. Nf4 Na6 $6 (10... Qe7 $5) 11. Ne5 Qc7 12. cxd5 cxd5 13.
Qxc7 Nxc7 14. Be3 Bxe5 15. dxe5 Na6 16. Rfc1 Bd7 17. f3 Nec5 18. Bd2 $14 {
1-0 Speelman,J-Relange,E/London 1991/TD 91\08 (53)}) 10... Bb7 ({This move:} 
10... Ba6 {is refuted by:} 11. cxd5 $1 cxd5 $2 (11... exd5 $142 $14) 12. Rfc1
Qe7 13. Bxd6 Nxd6 14. Nf4 Rc8 15. Qa4 Rxc1+ 16. Rxc1 Bb7 17. h4 $16 {1-0
Chernin,A-Ulibin,M/26th Rilton Cup, Stockholm SWE 1997 (38)}) 11. Rfd1 $6 $146
({Besides,white has three options:} 11. Rac1 $5 {(is the best option)} Nd7 $5 (
11... Na6 $143 $6 12. Bxd6 Qxd6 13. Nf4 Rac8 14. Rfd1 g5 15. Nd3 c5 16. dxc5
bxc5 17. e3 $14 {1-0 Epishin,V-Soffer,R/Bern 1991/EXP 21 (38)}) 12. Bxd6 (12.
Nfg5 $5 $13) 12... Nxd6 13. cxd5 exd5 14. Nf4 Qe7 15. Nd3 $11 {0-1 Madebrink,
L-Wiedenkeller,M/Norrkoeping 1988/EXT 97 (55)}) (11. Rad1 Be7 (11... Na6 $143
12. Nfg5 Nc7 13. Nxe4 Bxf4 14. Nxf4 dxe4 15. h4 $14 {1/2-1/2 Rowson,J-Nolan,G/
Largs 1998/EXT 99 (21)}) 12. Qc1 Qe8 13. Nhg5 Bf6 14. Ne5 c5 $13 {0-1 Georges,
S-Klinger,J/Zuerich 1992/TD (33)}) (11. Bxd6 Qxd6 12. Nf4 Nd7 13. Rfd1 Rac8 14.
b3 Rfd8 15. Qb2 $11 {1-0 Kandyba,L-Iljushin,A/Briansk 1995/EXT 98 (32)}) 11...
Nd7 12. Bxd6 Nxd6 13. Nf4 Qe7 14. cxd5 ({Dubious:} 14. b3 {because of:} Rac8 {
with the idea c5 or dxc4}) 14... exd5 15. Rac1 ({Slightly better is:} 15. e3 $5
) 15... Ne4 16. Nd3 c5 17. dxc5 bxc5 18. Nd2 $5 {[%csl Rc5,Re4]} ({Aside from
white has several alternatives:} 18. Nf4 $5 Nb6 (18... Ndf6 $6 19. Nh4 $5 $36)
19. a4 a5 20. Qb3 Qf6 $11) (18. b4 $2 c4 19. Nf4 Ndf6 $1 {[%csl Rb4,Rf4][%cal
Gg7g5,Ge7b4]}) (18. e3 $5) 18... c4 19. Nxe4 $1 fxe4 (19... cxd3 $2 20. Qc7 (
20. Qb3 $5) 20... dxe2 21. Re1 $14) 20. Nf4 Nf6 $5 {/\g5} (20... Nb6 $143 21.
e3 g5 22. Ne2 Nd7 23. b3 $1 $14 {and white has a strong pressure on the pawn
chain of black.}) 21. b3 (21. Bh3 $2 g5 $1 22. Ne6 $140 g4 $1 23. Nxf8 gxh3 $17
) 21... g5 {is the best move.} (21... Rac8 $6 22. Bh3 $36) 22. Nh3 {[%csl Rc4,
Rg5]} ({Loses:} 22. Nxd5 $4 {in view of:} Bxd5 (22... Nxd5 $2 23. Qxe4 Qxe4 24.
Bxe4 Rad8 25. Rxc4 $11 (25. bxc4 $2 Nc3)) 23. Rxd5 Nxd5 24. Qxe4 Qxe4 25. Bxe4
Rad8 $19) 22... cxb3 23. Qxb3 {with the idea f3,Qe3} h6 24. f3 $1 Ba6 $5 ({
Badly:} 24... e3 $2 25. Rc3 Rfe8 26. Rdd3 {[%csl Re3]} Rac8 27. Rxe3 Rxc3 28.
Rxe7 Rc1+ 29. Bf1 Rxe7 30. Qb2 Rc6 $14) 25. Qe3 $5 {[%csl Re4][%cal Gh3f2]}
Rab8 26. fxe4 Rb2 $5 {[%csl Re2]} (26... dxe4 $143 27. Nf2 $14) 27. Rd2 $5 ({
After:} 27. Qd4 Rb4 {black gets an equality.} (27... Rxe2 $2 28. Bf3 $1 $36 (
28. exd5 $2 Rxg2+ $1 29. Kxg2 Qe2+ $40))) 27... Rxd2 28. Qxd2 dxe4 29. Qe3 Rb8
$6 (29... Ng4 $5 30. Qxe4 (30. Qb3+ Kh8) 30... Qxe4 31. Bxe4 Bxe2 $11) (29...
Rc8 $6 30. Rxc8+ Bxc8 31. Nf2 Bf5 32. h4 {=/+/=}) 30. Nf2 Rb2 31. Nxe4 Nxe4 (
31... Rxe2 $2 32. Nxf6+ Qxf6 33. Bd5+ $16 {[%cal Ge3a7]}) 32. Qxe4 ({Can be
recommended:} 32. Bxe4 $5 Rxe2 33. Qb3+ (33. Bd5+ $6 Kh7 34. Qxe7+ Rxe7 $11)
33... Kh8 {and I have a slight advantage in the endgame,in view of the weak
king of black.}) 32... Qxe4 33. Bxe4 Bxe2 $1 {After this move black has a
forcing draw.} (33... Rxe2 $2 34. Bd5+ Kf8 35. Rc6 {[%csl Rh6]} Bd3 (35... Bb7
$4 36. Rf6+ Ke7 37. Rf7+ $18) 36. Rxh6 $16) 34. Rc8+ (34. Rc7 a6 $11) 34... Kf7
35. Rc7+ Ke6 36. Rxa7 Ke5 $1 37. Re7+ (37. Ba8 Bc4 $11) 37... Kd6 38. Ra7 Ke5
39. Re7+ Kd6 40. Rh7 Ke5 41. Bg2 Bc4 $1 $11 42. Rxh6 (42. h4 Rb1+ 43. Kh2 Rb2 {
[%cal Gc4d5]} 44. Kg1 $11) 42... Rb1+ 43. Kf2 Rb2+ 44. Kg1 1/2-1/2

[Event "RUS-chT 9th"]
[Site "Ekaterinburg"]
[Date "2002.05.21"]
[Round "5"]
[White "Gurevich, Mikhail"]
[Black "Ulybin, Mikhail"]
[Result "1-0"]
[WhiteElo "2641"]
[BlackElo "2576"]
[Annotator "Postny,E"]
[PlyCount "111"]
[EventDate "2002.05.17"]
[EventType "team"]
[EventRounds "10"]
[EventCountry "RUS"]
[SourceTitle "CBM 090"]
[Source "ChessBase"]
[SourceDate "2002.09.20"]
[SourceVersion "1"]
[SourceVersionDate "2002.09.20"]
[SourceQuality "1"]

1. d4 e6 2. c4 f5 3. g3 Nf6 4. Bg2 c6 5. Nd2 d5 6. Qc2 Bd6 7. Nh3 O-O 8. O-O b6
{This is the most logical way of development. Other possible continuations are:
} (8... Bd7 {- see the game Anand,V-Nikolic,P/Corus Wijk aan Zee 2000/CBM 75/
1-0 (40) [Tyomkin]}) (8... Qe7 {- see the game Banikas,H-Tyomkin,D/Dos
Hermanas op 2000/CBM 75 ext/1-0 (40) [Tyomkin]}) 9. Nf3 Ne4 $1 ({After} 9...
Ba6 $6 10. cxd5 $1 cxd5 11. Bf4 {black faces problems, for example see Dautov,
R-Schmittdiel,E/Geneve op 1997/CBM 57 [Dautov]}) 10. Bf4 Bb7 (10... Ba6 11.
cxd5 cxd5 (11... exd5 $142) 12. Rfc1 $14 {1-0 Chernin,A-Ulibin,M/Stockholm
1998/EXT 99 (38)}) 11. Rac1 ({Less accurate is} 11. Rfd1 {- see commented game
Golod,V-Ulibin,M/Vienna op 1998/CBM 68/1/2-1/2 (44) [Golod,V]}) 11... Nd7 (
11... Na6 $5 12. Bxd6 Qxd6 13. Nf4 Rac8 14. Rfd1 $14 {1-0 Epishin,V-Soffer,R/
Bern 1991/CBM 21 ext (38)}) 12. Bxd6 Nxd6 13. Nf4 Qe7 14. cxd5 (14. b3 $2 dxc4
15. bxc4 c5 $15) 14... exd5 15. Nd3 Ne4 (15... Nf7 16. h4 $6 (16. b4 $5) 16...
Rfe8 17. e3 Rac8 18. Rfd1 g6 19. Qa4 a5 20. Qb3 Kg7 21. a3 Ba6 $132 {0-1
Prokopchuk,E-Ulibin,M/Krasnoiarsk 1998/EXT 2000 (43)}) 16. b4 $1 $14 {
Preventing the c6-c5 strike.} (16. e3 c5 17. dxc5 bxc5 18. Rfd1 Rac8 19. Qa4
Rf6 20. Nf4 Nb6 21. Qc2 g5 22. Ne2 Rd6 $13 {1/2-1/2 Agrest,E-Gleizerov,E/
Stockholm 2001/CBM 79 ext (25)}) 16... a5 17. a3 axb4 18. axb4 Rfc8 ({Black
can not really make use of the "a" file, for instanse:} 18... Ra3 19. Ra1 Rfa8
20. Rxa3 Rxa3 21. Qb2 $14) 19. Qb2 Ba6 20. Nde5 Bb5 {An ideal place for the B,
where it protects the Pc6 and puts a pressure along the a6-f1 diagonal as well.
} 21. Nxd7 Qxd7 22. Ne5 Qe6 23. Ra1 Nd6 $1 {[%csl Gc4][%cal Yd6c4] The N is
already useless on e4 and should be transfered to c4 in order to harass the
white strong Ne5.} 24. Rxa8 Rxa8 25. Ra1 Qc8 26. Bf3 Nc4 27. Qc1 $1 Rxa1 28.
Qxa1 g5 $6 {The advantages of this move are not completely clear, on the other
hand this move weakens the defence around the black K.} (28... Nxe5 29. dxe5
Qa6 30. Qb2 $14 {[%csl Ge5]}) 29. Bh5 $6 (29. Nxc4 $5 Bxc4 (29... dxc4 $6 30.
d5 $40 {[%csl Rg8]}) 30. Qc1 Qd8 31. Qe3 $36) 29... Nxe5 30. dxe5 g4 $2 {
Probably the decisive mistake.} (30... f4 $1 {[%csl Yf5]} 31. Qa7 Qf5 {That's
the main idea of 31...f4. The black Q is very active here. I doubt, if white
has more, than a perpetual check in this position.}) 31. Qa7 Qe6 32. Qb8+ Kg7
33. Qc7+ Kg8 (33... Kh6 $4 34. Bf7 $18 {[%csl Re6]}) 34. Kf1 Bc4 35. h3 gxh3
36. Kg1 c5 $6 ({An interesting practical chance was:} 36... d4 $1 37. Bf3 $1 {
The strongest reply.} (37. Qd8+ $2 Kg7 38. Qxd4 Qd5 39. Qxd5 Bxd5 {[%csl Gc6]
[%cal Gc6c5] and black is O.K.}) (37. f4 $6 {[%tqu "En","Please enter a move
for black.","","","h3h2","",10]} h2+ $1 38. Kh1 (38. Kxh2 Qh6 39. Qd8+ Kg7 40.
Qd7+ Kg8 {and white should give the perpetual, since bad is} 41. Qxf5 $2 {
in view of} Be6 $1 42. Qg5+ Qxg5 43. fxg5 c5 $17) 38... Bd5+ 39. Bf3 Bxf3+ 40.
exf3 Qd5 $132 {[%csl Gd4]}) (37. Qxb6 $6 Qxe5 38. Qxc6 Bxe2 39. Qc8+ Kg7 40.
Qd7+ Kh6 41. Bxe2 Qxe2 42. Qxd4 $14) 37... Bd5 38. Qd8+ Kg7 39. Bxd5 cxd5 40.
f4 {and white should win this endgame.}) 37. bxc5 bxc5 38. Kh2 $18 d4 (38... h6
39. f4 $18) 39. Qxc5 d3 40. exd3 Bxd3 41. Qd4 {The weakness of the K and the
PP leaves black with no chances.} Be4 42. Qd8+ Kg7 43. Qc7+ Kg8 44. Kxh3 f4+
45. g4 h6 46. Kh4 {All white's forces are superbly coordinated.} Qa2 47. Qb6
Kh7 48. g5 hxg5+ 49. Kxg5 Qg8+ 50. Kxf4 {The last black pawn is out of the
board. The rest is an easy job for white.} Qc4 51. Qe3 Bc2+ (51... Bg6+ 52. Kg5
$18) 52. Kg3 Bf5 53. f3 Qb4 54. Bg4 Kg6 55. f4 Qc4 56. Qb6+ 1-0